00783nam a2200229 a 450000500170000000800410001701000170005802000260007503500170010103700120011804000180013008200080014810000220015624500730017826000530025127000640030430000290036850000590039765000620045665000140051870000210053220180104140516.0070813r20072004enk 000 0 eng  aB-370154-165 a9780198064640c298.75 aB-370154-165 bImpulse adplbEnglish  a488 aSoanes, Catherine aOxford A-Z of spelling /cby Catherine Soanes [and] Sheila Ferguson aNew Delhi bOxford University Pressc2010(repr.) aYMCA Library Building, Jai Singh Road, bNew Delhi e110001 axiv, 140 p. c18 cm(Hb)  aThis book published in 4 vol. and set price is 1195.00 aEnglish languagexOrthography and spellingvDictionaries. aSpellers. aFerguson, Sheila